000 00795nam a22002297a 4500
999 _c9368
_d9368
001 9368
003 OSt
005 20221013134022.0
008 180313b xxu||||| |||| 00| 0 eng d
035 _a(BD-JhCC)9368
040 _aBD-JhCC
_dBD-JhCC
041 _aben
082 _a923.673
_bLER 1964
100 _aবেনেট, লেরোন
245 _a মার্টিন লুথার কিং: সচিত্র জীবনালেখ্য /
_cলেরোন বেনেট, অধ্যাপক রফিকউদ্দিন আহমদ (অনু.)
260 _aঢাকা:
_c1964.
300 _a304 p. :
_c24 cm.
650 _aBiography
700 _aআহমদ, অধ্যাপক রফিকউদ্দিন
942 _2ddc
_cBK
_01